Baby - Madison Beer - Statistics

General Stats
  • This quiz has been taken 48 times
  • The average score is 392 of 487
Answer Stats
Hint Answer % Correct
a
100%
Verse 1 | Verse 2 Baby
100%
baby
100%
I
100%
me
100%
the
100%
tell
97%
what
97%
you
97%
You
97%
be
93%
do
93%
my
93%
on
93%
On
93%
on?
93%
this
93%
this?
93%
to
93%
can
90%
ever
90%
for
90%
Go
90%
good
90%
I'm
90%
in
90%
some
90%
your
90%
bedroom
87%
Chorus If
87%
like
87%
wanna
87%
when
87%
antidote?
83%
had
83%
look
83%
too
83%
turn
83%
best
80%
call
80%
crazy
80%
drive
80%
gonna
80%
know
80%
Know
80%
mad
80%
someone
80%
somethin'
80%
touch
80%
what's
80%
Why
80%
yeah
80%
clothes
77%
it
77%
Probably
77%
still
77%
text
77%
wrong
77%
is
73%
taste
73%
there
73%
would
73%
but
70%
late
70%
Without
70%
he
67%
something
67%
there's
67%
candy?
63%
lips
63%
take
63%
unless
63%
body
60%
How
60%
it's
60%
It's
60%
that
60%
Wouldn't
60%
and
57%
are
57%
Pre-Chorus Maybe
57%
maybe
57%
much
57%
see
57%
that's
57%
wait
57%
back
53%
comin'
53%
got
53%
longer
53%
more
53%
Pin
53%
floor
50%
handful
50%
hands
50%
Keep
50%
most
50%
pay
50%
Sugarcoated
50%
treat
50%
say
47%
sweet
47%
yours
47%
get
40%
gotta
40%
have
40%
need
40%
Need
40%
up
40%
from
37%
will
37%
Bridge Alone
33%
bank
33%
better
33%
empty
33%
once
33%
out
33%
feelin'
30%
help
30%
try
30%
can't
27%
love
27%
myself
27%
just
23%
Whisper
23%
handle
20%
music
20%
ear
17%
hear
17%
name
17%
No matching quizzes found
Score Distribution
Percent of People with Each Score
Percentile by Number Answered
Your Score History
You have not taken this quiz